| 000 | 01097cad a22002655a 4500 | ||
|---|---|---|---|
| 001 | L155538 | ||
| 008 | 120327e20120217xxkd f s 000 0 eng d | ||
| 035 | _a(Sirsi) u155538 | ||
| 041 | 0 | _aeng | |
| 110 | 2 |
_aRoyal Institution of Chartered Surveyors _bEconomics _95033 |
|
| 245 | 0 | 0 |
_aRICS global real estate weekly _b23 March 2012 _h[electronic resource] |
| 260 |
_aLondon _bRICS _c2012 |
||
| 490 | 0 |
_aRICS Global Real Estate Weekly _v23 March 2012 |
|
| 520 | _aSpanish, Portuguese and Dutch banks are sitting on sizeable bad mortgage debts. Canadian house prices continue to rise. Japan housing activity trying to gain some momentum. New Zealand building activity to continue growing steadily. | ||
| 590 | _aKA | ||
| 650 | 2 | 4 | _aRICS GLOBAL REAL ESTATE WEEKLY |
| 651 | 4 | _aJapan | |
| 651 | 4 | _aEurope | |
| 651 | 4 | _aCanada | |
| 651 | 4 | _aNew Zealand | |
| 690 |
_aResidential property _96266 |
||
| 690 |
_aConstruction management _96230 |
||
| 856 | 4 | 0 |
_uhttps://www.rics.org/site/download_feed.aspx?fileID=11673&fileExtension=PDF _zView the report free of charge at www.rics.org |
| 942 | _n0 | ||
| 999 |
_c113645 _d113645 |
||